banner koha

Levantamento do estado nutricional do maracujazeiro amarelo Passiflora edulis f. flavicarpa, Deg. em Sergipe [macroelemento, nutricao vegetal, analise foliar, Brasil] (Registro n. 317184)

MARC details
000 -LÍDER
campo de controle de tamanho fixo 01572naa a22003737a 4500
001 - NÚMERO DE CONTROLE
campo de controle BR8501019
003 - IDENTIFICADOR DO NÚMERO DE CONTROLE
campo de controle BR-BrBNA
005 - DATA E HORÁRIO DA ÚLTIMA TRANSAÇÃO
campo de controle 20240918175536.0
007 - CAMPO FIXO DE DESCRIÇÃO FÍSICA--INFORMAÇÃO GERAL
campo de controle de tamanho fixo ta
008 - CAMPO DE DADOS FIXOS--INFORMAÇÃO GERAL
campo de controle de tamanho fixo 230509b bl.||||| |||| 00| 0 por d
040 ## - FONTE DA CATALOGAÇÃO
Instituição da catalogação original BR-BrBNA
Idioma da catalogação por
Instituição que transcreveu o registro Biblioteca Nacional de Agricultura
041 ## - CÓDIGO DE IDIOMA
Código do idioma do texto/trilha sonora ou título diferente (Pt)
072 ## - CÓDIGO DE CATEGORIA DE ASSUNTO
Código de Categoria de Assunto F60
Código do objeto 1123
-- 3801
-- G514
090 ## - NÚMERO DE CHAMADA LOCAL
Número de chamada F60 BR8501019
100 1# - ENTRADA PRINCIPAL--NOME PESSOAL
Nome pessoal Ferreira Filho, C. de Q.
100 1# - ENTRADA PRINCIPAL--NOME PESSOAL
Nome pessoal Silva, J.U.B.
100 1# - ENTRADA PRINCIPAL--NOME PESSOAL
Nome pessoal Trindade, J.
100 1# - ENTRADA PRINCIPAL--NOME PESSOAL
Nome pessoal Silva, L.M.S. da
111 1# - ENTRADA PRINCIPAL--NOME DO EVENTO
Nome do evento ou lugar 7. Congresso Brasileiro de Fruticultura
Local do evento Florianopolis, SC (Brazil)
Data do evento ou assinatura do tratado 26-30 Sep 1983
245 1# - TÍTULO
Título Levantamento do estado nutricional do maracujazeiro amarelo Passiflora edulis f. flavicarpa, Deg. em Sergipe [macroelemento, nutricao vegetal, analise foliar, Brasil]
246 1# - FORMA VARIANTE DO TÍTULO
Título/título abreviado Survey of the nutritional status of yellow passionflower Passiflora edulis f. flavicarpa, Deg. in Sergipe [macroelement, plant nutrition, foliar analysis, Brazil]
246 1# - FORMA VARIANTE DO TÍTULO
Título/título abreviado [Proceedings of the 7. Brazilian Congress on Fruit Crops]
260 3# - PUBLICAÇÃO, DISTRIBUIÇÃO, ETC.
Local de publicação, distribuição, etc. Florianopolis, SC (Brasil):
Data da publicação, distribuição, etc. 1984.
500 ## - NOTA GERAL
Nota geral Anais do 7. Congresso Brasileiro de Fruticultura<br/>Florianopolis, SC (Brasil): 1984. v. 3 p. 1000-1008<br/>(BR8501019-AM)F60<br/>
650 ## - ASSUNTO--TERMO TÓPICO
Cabeçalho tópico ou nome geográfico MARACUJA
650 ## - ASSUNTO--TERMO TÓPICO
Cabeçalho tópico ou nome geográfico VARIEDADE
650 ## - ASSUNTO--TERMO TÓPICO
Cabeçalho tópico ou nome geográfico MACROELEMENTO
650 ## - ASSUNTO--TERMO TÓPICO
Cabeçalho tópico ou nome geográfico NUTRIENTE
650 ## - ASSUNTO--TERMO TÓPICO
Cabeçalho tópico ou nome geográfico ANALISE FOLIAR
650 ## - ASSUNTO--TERMO TÓPICO
Cabeçalho tópico ou nome geográfico SERGIPE
773 0# - ENTRADA ANALÍTICA
Título Anais do 7. Congresso Brasileiro de Fruticultura
Número de controle do registro F60 BR8501019
Partes relacionadas Florianopolis, SC (Brasil), 1984. v. 3 p. 1000-1008
909 ## -
-- 202404
-- Lucia
-- 55
-- Lucia Elande
942 ## - ELEMENTOS DE ENTRADA ADICIONADOS (KOHA)
Tipo de material Koha Capítulo-Livro
Fonte da classificação ou esquema de arquivamento na estante Classificação AGRIS
Exemplares
Situação do descarte Fonte da classificação ou esquema de arquivamento na estante Situação física Não pode ser emprestado Coleção Biblioteca de origem Biblioteca atual Localização na estante Total de empréstimos Número de telefone completo Data de último acesso Número do exemplar Tipo de material Koha Situação das perdas Data de aquisição Fonte de aquisição
  Classificação AGRIS       Biblioteca Nacional de Agricultura - Binagri Biblioteca Nacional de Agricultura - Binagri Agrobase - Acervo Geral   5300 BR2017002862 20/05/2024 01 Capítulo-Livro   2024-04-11 Portaria Interministerial nº 164/94

BINAGRI

Telefone: (61)3218-2567/2388/3357/2097 - binagri@agro.gov.br

Ministério da Agricultura e Pecuária , Esplanada dos Ministérios, Bloco D, Anexo B, Brasília/DF, CEP: 70.043-900